Produktywnosc nieprodukcyjnych dzialów gospodarki.

Produktivita výrobných systémov a služieb. Produktivita v organizáciách služieb. Produktivita systémov služieb a jej výpočet. Päť základných prvkov systému výroby a služieb. Produktivita ukazuje, ako sa využívajú zásoby. Trhové hospodárstvo musí byť komplexné.

Salvato in:
Dettagli Bibliografici
Autore principale: Durlik, I.
Natura: Capitolo di libro
Lingua:polacco
Soggetti:
Tags: Aggiungi Tag
Nessun Tag, puoi essere il primo ad aggiungerne!!

MARC

LEADER 00000naa a2200000 4500
001 r011194
005 20221125122548.2
041 0 |a pol 
044 |a PL 
245 1 0 |a Produktywnosc nieprodukcyjnych dzialów gospodarki.  |c I. Durlik 
520 |a Produktivita výrobných systémov a služieb. Produktivita v organizáciách služieb. Produktivita systémov služieb a jej výpočet. Päť základných prvkov systému výroby a služieb. Produktivita ukazuje, ako sa využívajú zásoby. Trhové hospodárstvo musí byť komplexné. 
610 2 0 |a produktívnosť 
610 2 0 |a produktivita práce 
610 2 0 |a výroba 
610 2 0 |a služby 
610 2 0 |a zásoby 
610 2 0 |a hospodárstvo trhové 
610 2 0 |a sféra nevýrobná 
100 1 |a Durlik, I.